| 000 | 01045nam0a22002771 4500 | ||
|---|---|---|---|
| 001 | rc\4543360 | ||
| 005 | 20250612113225.0 | ||
| 021 |
_aRU _b[67-91535] |
||
| 035 | _a(NLR Aleph) 008636887 | ||
| 090 |
_a8917707 _c8917707 |
||
| 100 | _a20130416d1967 |||y0rusy50 ca | ||
| 101 | 0 | _arus | |
| 102 | _aRU | ||
| 105 | _aa z ||||| | ||
| 200 | 1 |
_aОпределитель растений Северного Таджикистана _fОтв. ред. канд. биол. наук М.Р. Расулова _gАН Тадж. ССР. Ботан. ин-т |
|
| 210 |
_aДушанбе _cДониш _d1967 |
||
| 215 |
_a495 с. _cил. _d26 |
||
| 320 | _aАлф. указатель латин. и тадж. назв.: с. 477-495 | ||
| 606 |
_aРастения _yТаджикская ССР _xОпределители _2psbo |
||
| 700 | 1 |
_aКомаров _bБ.М. _gБогдан Михайлович |
|
| 702 | 1 |
_aРасулова _bМ.Р. _4340 |
|
| 801 | 0 |
_aRU _bNLR _gpsbo |
|
| 801 | 1 |
_aRU _bELAR _2rusmarc |
|
| 852 |
_aNLR _j67-7/2333 |
||
| 942 | _cBOOK | ||
| 980 | _aNB | ||